|
|
|
|
| LEADER |
01222nam a2200337Ia 4500 |
| 001 |
EBC232229 |
| 003 |
MiAaPQ |
| 005 |
20200520144314.0 |
| 006 |
m o d | |
| 007 |
cr cn||||||||| |
| 008 |
000815s2003 enk s 000 0 eng d |
| 020 |
|
|
|z 0861767942
|
| 035 |
|
|
|a (MiAaPQ)EBC232229
|
| 035 |
|
|
|a (Au-PeEL)EBL232229
|
| 035 |
|
|
|a (CaPaEBR)ebr10052796
|
| 035 |
|
|
|a (CaONFJC)MIL51165
|
| 035 |
|
|
|a (OCoLC)133167499
|
| 040 |
|
|
|a MiAaPQ
|c MiAaPQ
|d MiAaPQ
|
| 050 |
|
4 |
|a HM851
|b .D48 2003
|
| 245 |
0 |
0 |
|a Developing a robust and responsive e-society
|h [electronic resource] /
|c guest editors, Janice Burn and Sue Stoney.
|
| 260 |
|
|
|a Bradford, England :
|b Emerald Group Publishing,
|c c2003.
|
| 300 |
|
|
|a 91 p.
|
| 490 |
0 |
|
|a Logistics information management ;
|v v.16, no. 1
|
| 533 |
|
|
|a Electronic reproduction. Ann Arbor, MI : ProQuest, 2015. Available via World Wide Web. Access may be limited to ProQuest affiliated libraries.
|
| 650 |
|
0 |
|a Information technology.
|
| 650 |
|
0 |
|a Internet.
|
| 655 |
|
4 |
|a Electronic books.
|
| 700 |
1 |
|
|a Burn, Janice.
|
| 700 |
1 |
|
|a Stoney, Sue.
|
| 710 |
2 |
|
|a ProQuest (Firm)
|
| 856 |
4 |
0 |
|u https://ebookcentral.proquest.com/lib/matrademy/detail.action?docID=232229
|z Click to View
|